[Event "Tourn. n8534"]
[Site "www.chess-mail.com"]
[Date "2016.02.15"]
[Round "1"]
[White "Norlavuaram"]
[Black "Genius7"]
[WhiteElo "2150"]
[BlackElo "2130"]
[Result "1-0"]
[Round "1"]
1.e4 d6
2.d4 Ng8f6
3.Bf1d3 e5
4.Ng1e2 Bf8e7
5.O-O Nb8c6
6.d5 Nc6b8
7.c4 O-O
8.Nb1c3 c6
9.f4 Qd8b6
10.Kh1 Nf6g4
11.Qd1e1 exf4
12.Ne2xf4 Ng4e5
13.Qe1g3 Ne5xd3
14.Nf4xd3 Nb8a6
15.e5 dxe5
16.Nd3xe5 Be7d6
17.Bc1f4 Qb6c7
18.Nc3e4 f6
19.Ne5d3 Bd6xf4
20.Qg3xf4 Qc7xf4
21.Nd3xf4 cxd5
22.Nf4xd5 Bc8d7
23.Ne4d6 Bd7c6
24.Nd5e7 Kh8
25.Ne7xc6  { time }
1-0

[Event "Tourn. n8532"]
[Site "www.chess-mail.com"]
[Date "2016.02.15"]
[Round "1"]
[White "Neo"]
[Black "Cardiff"]
[WhiteElo "1880"]
[BlackElo "1950"]
[Result "1-0"]
[Round "1"]
1.d4 d5
2.e3 Ng8f6
3.g3 g6
4.Bf1g2 Bf8g7
5.Ng1f3 O-O
6.O-O c6
7.Nf3e5 Nf6d7
8.Ne5xd7 Nb8xd7
9.b3 e5
10.dxe5 Nd7xe5
11.c3 Rf8e8
12.Bc1b2 f5
13.c4 dxc4
14.Qd1xd8 Re8xd8
15.Nb1a3 cxb3
16.axb3 Bc8e6
17.b4 Ne5d3
18.Bb2xg7 Kxg7
19.b5 Be6d5
20.bxc6 bxc6
21.Bg2xd5 cxd5
22.Na3c2 a5
23.Nc2d4 Kf6
24.f4 Rd8c8
25.Rf1d1 Nd3b4
26.Nd4b3 a4
27.Nb3c1 Ke6
28.Nc1d3 Nb4c2
29.Ra1a2 Nc2xe3
30.Rd1b1 Rc8c2
31.Ra2xc2 Ne3xc2
32.Rb1b6 Kf7
33.Nd3e5  { time }
1-0

[Event "Tourn. n8581"]
[Site "www.chess-mail.com"]
[Date "2016.02.15"]
[Round "1"]
[White "Wegaman"]
[Black "Expert"]
[WhiteElo "1940"]
[BlackElo "1920"]
[Result "1-0"]
[Round "1"]
1.d4 d5
2.c4 e6
3.Nb1c3 c5
4.dxc5 d4
5.Nc3e4 Bf8xc5
6.Ne4xc5 Qd8a5
7.Bc1d2 Qa5xc5
8.Ra1c1 a5
9.Ng1f3 Nb8c6
10.g3 Ng8e7
11.Bf1g2 O-O
12.O-O  { time }
1-0

[Event "Tourn. n8540"]
[Site "www.chess-mail.com"]
[Date "2016.02.15"]
[Round "1"]
[White "Cardiff"]
[Black "Maredocla"]
[WhiteElo "1940"]
[BlackElo "2080"]
[Result "0-1"]
[Round "1"]
1.d4 e6
2.e4 d5
3.Nb1c3 Bf8b4
4.e5 Bb4xc3
5.bxc3 Ng8e7
6.f4 b6
7.Ng1f3 Bc8b7
8.Bf1d3 O-O
9.O-O c5
10.Rf1e1 c4
11.Bd3f1 Nb8a6
12.g4 Na6c7
13.Bf1g2 f5
14.g5 Ne7g6
15.a4 Qd8d7
16.h4 b5
17.axb5 Nc7xb5
18.Bc1d2 a6
19.h5 Ng6e7
20.Qd1e2 Qd7e8
21.Nf3h2 Qe8c6
22.Nh2f3 Ra8b8
23.Ra1b1 Nb5a3
24.Rb1b2 Bb7a8
25.Rb2xb8 Rf8xb8
26.Bd2c1 Qc6a4
27.Bc1xa3 Qa4xa3
28.Qe2d2 Ba8c6
29.h6 g6
30.Kh2 Bc6a4
 { time }
0-1

[Event "Tourn. n8565"]
[Site "www.chess-mail.com"]
[Date "2016.02.15"]
[Round "1"]
[White "Cardiff"]
[Black "Hundegana"]
[WhiteElo "2000"]
[BlackElo "1980"]
[Result "0-1"]
[Round "1"]
1.c4 b6
2.Nb1c3 Bc8b7
3.d4 e6
4.Ng1f3 f6
5.e4 d5
6.cxd5 exd5
7.exd5 Bb7xd5
8.Bf1d3 Nb8c6
9.Nc3xd5 Qd8xd5
10.O-O Nc6xd4
11.Nf3xd4 Ng8e7
12.Bd3b5 Kf7
13.Bb5a4 c5
14.Ba4b3 c4
15.Bb3c2 Ra8d8
16.Nd4f3 Qd5xd1
17.Rf1xd1 Rd8xd1
18.Bc2xd1 Ne7c6
19.Bc1d2 Bf8c5
20.Bd1c2 h6
21.Bd2c3 Rh8e8
22.Kf1 b5
23.a3 Re8e7
 { time }
0-1

[Event "Tourn. n8576"]
[Site "www.chess-mail.com"]
[Date "2016.02.15"]
[Round "1"]
[White "Tonino1"]
[Black "Cardiff"]
[WhiteElo "2070"]
[BlackElo "2000"]
[Result "1-0"]
[Round "1"]
1.d4 f5
2.Ng1f3 Ng8f6
3.e3 g6
4.Bf1d3 Bf8g7
5.b3 O-O
6.Bc1b2 b6
7.Nb1d2 Bc8b7
8.O-O Nf6e4
9.c4 Ne4xd2
10.Nf3xd2 d6
11.Qd1e2 e5
12.f3 Nb8d7
13.Bd3c2 Qd8e7
14.d5 a5
15.e4 fxe4
16.fxe4 Rf8xf1
17.Ra1xf1 Ra8f8
18.Rf1xf8 Nd7xf8
19.a3  { time }
1-0

[Event "Tourn. n8561"]
[Site "www.chess-mail.com"]
[Date "2016.02.15"]
[Round "1"]
[White "Bojan"]
[Black "Cardiff"]
[WhiteElo "2100"]
[BlackElo "2000"]
[Result "1-0"]
[Round "1"]
1.d4 d5
2.Nb1c3 c6
3.a3 Ng8f6
4.h3 g6
5.Ng1f3 Bf8g7
6.Bc1f4 O-O
7.e3 Bc8f5
8.Bf1e2 Nf6e4
9.Nf3h4 Ne4xc3
10.bxc3 Bf5c8
11.Nh4f3 Nb8d7
12.c4 dxc4
13.Be2xc4 Nd7b6
14.Bc4b3 Nb6d5
15.O-O Nd5xf4
16.exf4 Bc8f5
17.g4 Bf5e4
18.Nf3g5 Be4d5
19.Bb3xd5 Qd8xd5
20.Rf1e1 e6
21.c3 h6
22.Ng5e4 Qd5d8
23.Kg2 Qd8d5
24.f3 h5
25.Kg3 hxg4
26.hxg4 Rf8d8
27.Ra1b1 b5
28.a4 a6
29.axb5 axb5
30.Rb1a1  { time }
1-0

[Event "Tourn. n8359"]
[Site "www.chess-mail.com"]
[Date "2016.02.15"]
[Round "1"]
[White "Nimzo"]
[Black "Seger"]
[WhiteElo "2790"]
[BlackElo "2770"]
[Result "1-0"]
[Round "1"]
1.d4 Ng8f6
2.c4 e6
3.Ng1f3 b6
4.g3 Bc8b7
5.Bf1g2 Bf8e7
6.Nb1c3 Nf6e4
7.Bc1d2 d5
8.cxd5 exd5
9.O-O O-O
10.Qd1c2 Ne4xd2
11.Nf3xd2 Nb8a6
12.Ra1d1 f5
13.Nd2f3 c6
14.Nf3e5 Qd8d6
15.e3 g6
16.Rd1c1 Be7f6
17.f4 Na6c7
18.a3 Kg7
19.Bg2f3 Qd6e7
20.Rf1e1 Nc7e6
21.b4 Qe7d6
22.Qc2b3 Rf8d8
23.Rc1c2 Ra8c8
24.Re1c1 Bf6xe5
25.fxe5 Qd6d7
26.Nc3e2 Ne6g5
27.Bf3g2 Bb7a6
28.Ne2f4 Ng5e4
29.g4 Kh8
30.gxf5 gxf5
31.Kh1 Rd8g8
32.Rc1g1 Qd7e7
33.Qb3b1 Qe7h4
34.Bg2xe4 fxe4
35.Rc2g2 Rg8xg2
36.Rg1xg2 Rc8g8
37.Rg2xg8 Kxg8
38.Qb1g1 Kf7
39.h3 Ba6c8
40.Qg1f1 Kg8
41.b5 c5
42.Kh2 Qh4d8
43.Qf1g1 Kh8
44.Qg1d1 Qd8h4
45.dxc5 Qh4f2
46.Nf4g2 Qf2f3
47.Qd1xd5 Qf3xh3
48.Kg1 bxc5
49.Qd5xc5 Qh3g4
50.Qc5f8 Qg4g8
51.Qf8xg8 Kxg8
52.Kh2 Kf7
53.Ng2f4 Bc8e6
54.a4 Be6c8
55.a5 Ke7
56.Kg3 Kd8
57.e6 Ke7
58.Kh3 Kd6
59.Kh4 Ke7
60.Kg4 Kf6
61.a6 Ke7
62.Kf5 { resign }
1-0

[Event "Tourn. n8629"]
[Site "www.chess-mail.com"]
[Date "2016.02.15"]
[Round "1"]
[White "Ranjachess"]
[Black "Caspito"]
[WhiteElo "1690"]
[BlackElo "1700"]
[Result "0-1"]
[Round "1"]
1.d4 Ng8f6
2.Bc1f4 d5
3.e3 g6
4.Nb1c3 Bf8g7
5.Qd1d2 Bc8f5
6.Nc3b5 Nb8a6
7.Qd2a5 O-O
8.Nb5xc7 Na6xc7
9.Bf4xc7 Qd8c8
10.Bf1d3 Bf5xd3
11.cxd3 b6
12.Qa5c3 Qc8f5
13.h3 Ra8c8
14.Ra1c1 Nf6e8
15.Qc3a3 Ne8xc7
16.Qa3xe7 Qf5xd3
17.Ng1e2 Rf8e8
18.Qe7a3 Qd3xa3
19.bxa3 Nc7b5
20.a4 Nb5a3
21.Ne2c3 Bg7xd4
22.Kd2 Na3c4
23.Kd3 Bd4xc3
24.Rc1xc3 Nc4b2
25.Kd4 Nb2xa4
26.Rc3xc8 Re8xc8
27.Kxd5 Na4c3
28.Kd4 Nc3xa2
29.Rh1a1 Rc8c2
30.f4 Rc2xg2
31.Ke5 Kg7
32.e4 b5
33.Ra1b1 b4
34.Rb1b3 a5
35.Kd4 Na2c1
36.Rb3b1 Rg2g1
37.Kc4 Kf6
38.Rb1a1 b3
39.Ra1xa5 b2
40.Ra5b5 Nc1d3
41.Kxd3 b1Q
42.Rb5xb1 Rg1xb1
43.Kd4 Rb1b4
44.Kd5 Ke7
45.h4 Rb4b1
46.h5 Rb1d1
47.Ke5 f6

0-1

[Event "Tourn. n8609"]
[Site "www.chess-mail.com"]
[Date "2016.02.15"]
[Round "1"]
[White "Piekki"]
[Black "Cardiff"]
[WhiteElo "1900"]
[BlackElo "2030"]
[Result "1-0"]
[Round "1"]
1.e4 c5
2.Ng1f3 Nb8c6
3.Bf1b5 g6
4.c3 Bf8g7
5.d4 cxd4
6.cxd4 a6
7.Bb5a4 d5
8.e5  { time }
1-0

[Event "Tourn. n8525"]
[Site "www.chess-mail.com"]
[Date "2016.02.15"]
[Round "1"]
[White "Goosebumps"]
[Black "Dimos40"]
[WhiteElo "2180"]
[BlackElo "2159"]
[Result "0-1"]
[Round "1"]
1.e4 c5
2.Ng1f3 d6
3.d4 cxd4
4.Nf3xd4 Ng8f6
5.Nb1c3 a6
6.Bc1e3 e5
7.Nd4b3 Bc8e6
8.Bf1e2 Bf8e7
9.Nc3d5 Nb8d7
10.f3 Be6xd5
11.exd5 O-O
12.c4 Nf6h5
13.Qd1c2 Be7g5
14.Be3f2 Nh5f4
15.O-O Ra8c8
16.Rf1e1 Nf4xe2
17.Qc2xe2 Qd8c7
18.h4 Bg5f4
19.g3 Bf4h6
20.Nb3d2 Bh6xd2
21.Qe2xd2 Qc7xc4
22.Re1c1 Qc4b5
23.Kg2 Rc8xc1
24.Ra1xc1 Nd7f6
 { time }
0-1

[Event "Tourn. n8553"]
[Site "www.chess-mail.com"]
[Date "2016.02.15"]
[Round "1"]
[White "Genius7"]
[Black "Goosebumps"]
[WhiteElo "2160"]
[BlackElo "2200"]
[Result "1-0"]
[Round "1"]
1.e4 c6
2.d4 d5
3.exd5 cxd5
4.Nb1c3 Bc8f5
5.Ng1f3 e6
6.Bf1b5 Nb8c6
7.O-O Bf8d6
8.Rf1e1 Ng8f6
9.Nf3e5 Qd8c7
10.Bb5xc6 bxc6
11.h3 Ra8b8
12.b3  { time }
1-0

[Event "Tourn. n8592"]
[Site "www.chess-mail.com"]
[Date "2016.02.15"]
[Round "1"]
[White "Tonino1"]
[Black "Cardiff"]
[WhiteElo "2060"]
[BlackElo "2070"]
[Result "1-0"]
[Round "1"]
1.d4 d5
2.Ng1f3 c6
3.e3 g6
4.Bf1d3 Bf8g7
5.b3 Ng8f6
6.Bc1b2 O-O
7.Nb1d2 Bc8g4
8.O-O Nb8d7
9.h3 Bg4xf3
10.Qd1xf3 Rf8e8
11.e4 Nf6xe4
12.Nd2xe4 dxe4
13.Qf3xe4 Nd7f6
14.Qe4e2  { time }
1-0

[Event "Tourn. n8617"]
[Site "www.chess-mail.com"]
[Date "2016.02.15"]
[Round "1"]
[White "Jose"]
[Black "Asoka"]
[WhiteElo "2720"]
[BlackElo "2730"]
[Result "1/2-1/2"]
[Round "1"]
1.d4 Ng8f6
2.c4 e6
3.Ng1f3 b6
4.g3 Bc8b7
5.Bf1g2 Bf8e7
6.O-O O-O
7.Nb1c3 Nf6e4
8.Qd1c2 Ne4xc3
9.Qc2xc3 c5
10.Rf1d1 Be7f6
11.Qc3d3 Nb8c6
12.dxc5 bxc5
13.Bc1e3 Qd8b6
14.a3 a5
15.Ra1b1 h6
16.Qd3xd7 Rf8d8
17.Be3xc5 Qb6b3
18.Rd1d3 Qb3a2
19.Qd7xb7 Qa2xb1
20.Bg2f1 Rd8c8
21.b3 Qb1b2
22.e3 Bf6c3
23.Rd3d7 Ra8b8
24.Qb7a6 a4
25.bxa4 Rb8a8
26.Qa6b7 Qb2xb7
27.Rd7xb7 { draw }
1/2-1/2

[Event "Tourn. n8611"]
[Site "www.chess-mail.com"]
[Date "2016.02.15"]
[Round "1"]
[White "Yangqi"]
[Black "Genius7"]
[WhiteElo "2650"]
[BlackElo "2170"]
[Result "1-0"]
[Round "1"]
1.e4 c5
2.d4 cxd4
3.c3 d3
4.Bf1xd3 g6
5.Ng1f3 Bf8g7
6.O-O d6
7.h3 Nb8c6
8.Bc1e3  { time }
1-0

[Event "Tourn. n8594"]
[Site "www.chess-mail.com"]
[Date "2016.02.15"]
[Round "1"]
[White "Libiesse"]
[Black "Xkafi"]
[WhiteElo "2000"]
[BlackElo "1930"]
[Result "1-0"]
[Round "1"]
1.d4 d5
2.c4 dxc4
3.Nb1c3 Bc8g4
4.f3 Bg4h5
5.e4 e6
6.Bf1xc4 Bf8b4
7.Qd1b3 a5
8.Ng1e2 Nb8c6
9.Bc1e3 Ng8f6
10.O-O Nc6e7
11.a3 Bb4xc3
12.bxc3 b6
13.Ne2g3 Bh5g6
14.Rf1d1 c6
15.Rd1d2 b5
16.Bc4e2 Qd8b6
17.c4 O-O
18.cxb5 Rf8b8
19.d5 a4
20.Qb3c3 c5
21.d6 Nf6d5
22.exd5 Ne7xd5
23.Rd2xd5 exd5
24.Qc3xc5 Qb6xc5
25.Be3xc5 Rb8d8
26.f4 f6
27.b6 Ra8a5
28.Ra1c1 Rd8c8
29.d7 Rc8d8
30.b7 { resign }
1-0

[Event "Tourn. n8556"]
[Site "www.chess-mail.com"]
[Date "2016.02.15"]
[Round "1"]
[White "Heiserman"]
[Black "Karpawn"]
[WhiteElo "2170"]
[BlackElo "2079"]
[Result "1-0"]
[Round "1"]
1.c4 f5
2.Nb1c3 Ng8f6
3.d3 e5
4.g3 Nb8c6
5.Bf1g2 Bf8b4
6.e3 Bb4xc3
7.bxc3 e4
8.Ng1e2 O-O
9.Ne2f4 d6
10.O-O Nc6e5
11.c5 g5
12.d4 Ne5c4
13.Nf4h5 d5
14.Rf1e1 Nf6xh5
15.Qd1xh5 b6
16.Bg2f1 Bc8a6
17.Bf1xc4 Ba6xc4
18.h4 gxh4
19.Bc1a3 Rf8f7
20.gxh4 Rf7g7
21.Kh2 Kh8
22.Kh3 Qd8g8
23.c6 a5
24.Qh5xf5 Ra8e8
25.Qf5f4 Qg8e6
26.Kh2 Rg7g4
27.Qf4e5 Qe6xe5
28.dxe5 Rg4xh4
29.Kg3 Rh4h5
30.Kg4  { time }
1-0

[Event "Tourn. n8564"]
[Site "www.chess-mail.com"]
[Date "2016.02.15"]
[Round "1"]
[White "Jose"]
[Black "Rons"]
[WhiteElo "2710"]
[BlackElo "2590"]
[Result "1-0"]
[Round "1"]
1.e4 c5
2.Ng1f3 d6
3.d4 cxd4
4.Nf3xd4 Ng8f6
5.Nb1c3 a6
6.Bc1e3 e6
7.f3 b5
8.Qd1d2 Nb8d7
9.g4 h6
10.O-O-O Bc8b7
11.h4 b4
12.Nc3a4 Qd8a5
13.b3 Nd7c5
14.a3 Nc5xa4
15.axb4 Qa5c7
16.bxa4 d5
17.e5 Nf6d7
18.f4 Nd7b6
19.Rh1h3 Ra8c8
20.f5 Nb6xa4
21.c4 exf5
22.gxf5 dxc4
23.Qd2c2 Na4b6
24.Nd4e6 Qc7xe5
25.Be3d4 Bb7e4
26.Qc2e2 Qe5xf5
27.Rh3e3 fxe6
28.Bf1h3 Be4d3
29.Bh3xf5 Bd3xe2
30.Re3xe2 Rc8c6
31.Bf5xe6 Rc6d6
32.Be6g4 Bf8e7
33.Bd4xb6 Rd6xb6
34.Rd1d7 O-O
35.Re2xe7 Rb6g6
36.Re7e4 Rg6c6
37.Re4e6 Rc6xe6
38.Bg4xe6 Kh7
39.Kc2 Kg6
40.Be6xc4 Rf8f4
41.Rd7d6 Kf5
42.Kc3 Rf4f3
43.Kd4 Rf3f4
44.Kc5 g5
45.hxg5 hxg5
46.Rd6xa6 { resign }
1-0

[Event "Tourn. n8515"]
[Site "www.chess-mail.com"]
[Date "2016.02.15"]
[Round "1"]
[White "Genius7"]
[Black "Orhany24"]
[WhiteElo "2090"]
[BlackElo "2010"]
[Result "0-1"]
[Round "1"]
1.b3 d5
2.f4 f5
3.Bc1b2 e6
4.Ng1f3 Ng8f6
5.e3 Bf8e7
6.Bf1e2 O-O
7.O-O c5
8.Nf3e5 Nb8c6
9.Ne5xc6 bxc6
10.Be2f3 Bc8a6
11.Rf1e1 Ra8b8
12.d3 c4
13.Nb1c3 cxd3
14.cxd3 c5
15.Qd1c2 Qd8b6
16.Kh1 c4
17.dxc4 dxc4
18.Ra1b1 cxb3
19.axb3 Qb6xb3
20.Qc2xb3 Rb8xb3
21.Re1d1 Rf8b8
22.Bb2a1 Rb3xb1
23.Rd1xb1 Rb8xb1
24.Nc3xb1 Be7c5
25.Ba1xf6 gxf6
26.e4 Ba6d3
27.Nb1c3 fxe4
28.Bf3xe4 Bd3xe4
29.Nc3xe4 Bc5d4
30.Ne4d2 a5
31.Nd2b3 Bd4c3
32.Kg1 e5
33.fxe5 fxe5
34.Kf1 a4
35.Ke2 axb3
 { time }
0-1

[Event "Tourn. n8589"]
[Site "www.chess-mail.com"]
[Date "2016.02.15"]
[Round "1"]
[White "Passaroa25"]
[Black "Caspito"]
[WhiteElo "1560"]
[BlackElo "1700"]
[Result "0-1"]
[Round "1"]
1.e4 e5
2.Ng1e2 Ng8f6
3.Ne2g3 d5
4.f3 d4
5.d3 Nb8c6
6.a3 Bf8c5
7.Bc1g5 Bc8e6
8.Nb1d2 Qd8d6
9.Nd2c4 Be6xc4
10.dxc4 O-O-O
11.Ng3f5 Qd6f8
12.Bf1d3 g6
13.Bg5xf6 gxf5
14.Bf6xd8 Qf8xd8
15.Qd1e2 f4
16.O-O-O h5
17.Kb1 Kb8
18.Kc1 h4
19.h3 f6
20.Kb1 a6
21.Qe2d2 Ka7
22.b4 Bc5f8
23.Kb2 b6
24.a4 Bf8xb4
25.Qd2f2 Qd8f8
26.Kb3 Bb4c3
27.Rd1b1 Qf8b4
28.Ka2 Qb4xa4

0-1

[Event "Tourn. n8599"]
[Site "www.chess-mail.com"]
[Date "2016.02.15"]
[Round "1"]
[White "Cardiff"]
[Black "Maredocla"]
[WhiteElo "2030"]
[BlackElo "2080"]
[Result "0-1"]
[Round "1"]
1.Ng1f3 d5
2.d4 Nb8c6
3.Bc1f4 f6
4.e3 h5
5.h3 g5
6.Bf4g3 Bf8g7
7.Bf1d3 Bc8e6
8.Nb1c3 Ng8h6
9.Bd3g6 Be6f7
10.Bg6xf7 Nh6xf7
11.Qd1d2 Qd8d7
12.O-O-O O-O-O
 { time }
0-1

[Event "Tourn. n8614"]
[Site "www.chess-mail.com"]
[Date "2016.02.15"]
[Round "1"]
[White "Cardiff"]
[Black "Roque1"]
[WhiteElo "2030"]
[BlackElo "1910"]
[Result "0-1"]
[Round "1"]
1.d4 d5
2.Bc1f4 Nb8c6
3.e3 e6
4.Ng1f3 Bf8d6
5.Bf4xd6 Qd8xd6
6.Nb1d2 Ng8f6
 { time }
0-1

[Event "Match"]
[Site "www.echecsemail.com"]
[Date "2016.02.15"]
[Round "1"]
[White "Genius9"]
[Black "Pare123"]
[WhiteElo "1770"]
[BlackElo "1890"]
[Result "0-1"]
[Round "1"]
1.e4 c5
2.Ng1f3 e6
3.d4 cxd4
4.Nf3xd4 Bf8c5
5.Nd4b3 Bc5b6
6.Nb1c3 Nb8c6
7.Bf1e2 h6
 { time }
0-1

[Event "Match"]
[Site "www.echecsemail.com"]
[Date "2016.02.15"]
[Round "1"]
[White "Labtrob"]
[Black "Llord"]
[WhiteElo "1499"]
[BlackElo "1810"]
[Result "0-1"]
[Round "1"]
1.e4 e5
2.Ng1f3 Nb8c6
3.Bf1b5 Bf8d6
4.O-O a6
5.Bb5c4 Ng8f6
6.d3 b5
7.Bc4b3 O-O
8.Nb1c3 Nc6d4
 { time }
0-1

[Event "Match"]
[Site "www.echecsemail.com"]
[Date "2016.02.15"]
[Round "1"]
[White "Cathar"]
[Black "Cardiff"]
[WhiteElo "2260"]
[BlackElo "2000"]
[Result "1-0"]
[Round "1"]
1.e4 e6
2.d4 d5
3.Nb1c3 Ng8f6
4.e5 Nf6d7
5.f4 c5
6.Ng1f3 Nb8c6
7.Bc1e3 a6
8.Qd1d2 b5
9.dxc5 Bf8xc5
10.Bf1d3 Bc5xe3
11.Qd2xe3 Qd8b6
12.Qe3xb6 Nd7xb6
13.Nc3e2 Bc8b7
14.Ne2d4 Nc6xd4
15.Nf3xd4 Kd7
16.O-O g6
17.Ra1e1 Ra8c8
18.g3 Rc8c7
19.Kg2 Nb6c4
20.b3 Nc4b6
21.g4 h5
22.h3 hxg4
23.hxg4 Rc7c8
24.Rf1h1  { time }
1-0

[Event "Match"]
[Site "www.echecsemail.com"]
[Date "2016.02.15"]
[Round "1"]
[White "Cardiff"]
[Black "Hundegana"]
[WhiteElo "2000"]
[BlackElo "1980"]
[Result "0-1"]
[Round "1"]
1.d4 e6
2.c4 b6
3.e4 Bc8b7
4.d5 exd5
5.cxd5 d6
6.Nb1c3 a6
7.Ng1f3 h6
8.Bf1d3 Bf8e7
9.O-O Ng8f6
10.Rf1e1 c6
11.dxc6 Bb7xc6
12.h3 Nb8d7
13.a3 O-O
14.Bc1f4 Nf6h5
15.Bf4h2 Nd7c5
16.Bd3c2 a5
17.Qd1d2 Ra8a7
18.Ra1d1 Ra7d7
19.Nc3d5 Bc6xd5
20.exd5 Nh5f6
21.Bc2f5 Rd7c7
22.b4 axb4
23.axb4 Nc5b7
24.Bh2f4 Rf8e8
 { time }
0-1

[Event "Match"]
[Site "www.echecsemail.com"]
[Date "2016.02.15"]
[Round "1"]
[White "Cardiff"]
[Black "Mdesouza"]
[WhiteElo "2000"]
[BlackElo "2170"]
[Result "0-1"]
[Round "1"]
1.d4 d5
2.Ng1f3 Ng8f6
3.c4 e6
4.cxd5 exd5
5.Nb1c3 Bf8e7
6.g3 O-O
7.Bf1g2 c6
8.Nf3e5 Bc8f5
9.Qd1b3 Qd8b6
10.Qb3xb6 axb6
11.a3 Nb8d7
12.Ne5xd7 Bf5xd7
13.O-O Bd7f5
14.Bc1g5 Rf8e8
15.e3 h6
16.Bg5xf6 Be7xf6
17.Rf1e1 Re8e7
18.Re1d1 b5
19.h3 Bf5c2
20.Rd1d2 Bc2g6
 { time }
0-1

[Event "Match"]
[Site "www.echecsemail.com"]
[Date "2016.02.15"]
[Round "1"]
[White "Guidom"]
[Black "Cardiff"]
[WhiteElo "2100"]
[BlackElo "2000"]
[Result "1-0"]
[Round "1"]
1.e4 e6
2.d4 d5
3.exd5 exd5
4.Ng1f3 Ng8f6
5.c3 Bf8d6
6.Bf1d3 O-O
7.O-O c6
8.Bc1g5 Nb8d7
9.Nb1d2 Qd8c7
10.h3 Rf8e8
11.Rf1e1 Re8xe1
12.Qd1xe1 b6
13.Nf3e5 Nd7xe5
14.dxe5 Bd6xe5
15.Bg5xf6 gxf6
16.Nd2f3 Bc8d7
17.Qe1e3 Be5f4
18.Qe3e7 Qc7d6
19.Ra1e1 Qd6xe7
20.Re1xe7 Bd7e6
21.Nf3d4 Bf4d6
22.Re7xe6  { time }
1-0

[Event "Match"]
[Site "www.echecsemail.com"]
[Date "2016.02.15"]
[Round "1"]
[White "Glenno"]
[Black "Cardiff"]
[WhiteElo "2360"]
[BlackElo "2000"]
[Result "1-0"]
[Round "1"]
1.e4 c5
2.Ng1f3 Nb8c6
3.d4 cxd4
4.Nf3xd4 g6
5.Nb1c3 Bf8g7
6.Bc1e3 d6
7.Qd1d2 Ng8f6
8.f3 Bc8d7
9.O-O-O Qd8a5
10.Kb1 Ra8c8
11.g4 Nc6xd4
12.Be3xd4 Bd7e6
13.a3 a6
14.h4 h6
15.Bd4xf6 Bg7xf6
16.Nc3d5 Qa5xd2
17.Nd5xf6 exf6
18.Rd1xd2 Ke7
19.Bf1e2 Rc8c7
20.Rh1d1 Rh8d8
21.f4 b5
22.Be2f3  { time }
1-0

[Event "Match"]
[Site "www.echecsemail.com"]
[Date "2016.02.15"]
[Round "1"]
[White "Mitja"]
[Black "Bojan"]
[WhiteElo "1840"]
[BlackElo "2040"]
[Result "1-0"]
[Round "1"]
1.d4 g6
2.e3 Bf8g7
3.c3 c6
4.h3 d6
5.Ng1f3 Nb8d7
6.Nb1d2 e5
7.dxe5 Nd7xe5
8.Nf3xe5 dxe5
9.Qd1f3 f5
10.Bf1c4 Ng8e7
11.Bc4b3 Qd8d3
12.Qf3e2 Qd3xe2
13.Kxe2 b6
14.f3 Bc8a6
15.Kf2 Ra8d8
16.Rh1d1 b5
17.a3 Ba6b7
18.Nd2f1 Rd8xd1
19.Bb3xd1 O-O
20.Bd1b3 Kh8
21.Bc1d2 Rf8d8
22.Ra1d1 Bg7f6
23.Bd2c1 Ne7d5
24.Nf1g3 Nd5b6
25.Rd1xd8 Bf6xd8
26.Bb3a2 c5
27.b4 Bd8e7
28.Bc1b2 Nb6a4
29.Bb2a1 c4
30.Ng3e2 Kg7
31.g4 Be7h4
32.Kg2 Kf6
33.Ba2b1 fxg4
34.hxg4 Bh4e1
35.e4 Kg5
36.Kh3 Bb7c8
37.Bb1c2 Na4b6
38.Ba1b2 Nb6d7
39.Bb2c1 Kf6
40.Kg2 Kg7
41.Kf1 Be1h4
42.Bc1e3 a6
43.a4 h5
44.gxh5 gxh5
45.Be3f2 Bh4g5
46.axb5 axb5
47.Kg2 Bg5d2
48.Bf2g3 Kf6
49.f4 exf4
50.Ne2xf4 Kg5
51.Nf4e2 h4
52.Bg3h2 Kg4
53.Bc2d1 Bc8b7
54.Ne2d4 Kg5
55.Nd4f3 Kf6
56.Nf3xd2 Nd7e5
57.Bh2xe5 Kxe5
58.Bd1f3 Bb7c8
59.Nd2f1 Kf4
60.Kf2 h3
61.Nf1g3 Bc8e6
62.Ng3e2 Ke5
63.Ke3 Be6d7
64.Ne2d4 h2
65.Nd4e2 Bd7g4
66.Bf3h1 Bg4d7
67.Ne2g3 Bd7h3
68.Kf3 Kf6
69.Bh1g2 { resign }
1-0

[Event "Match"]
[Site "www.echecsemail.com"]
[Date "2016.02.15"]
[Round "1"]
[White "Labtrob"]
[Black "Libiesse"]
[WhiteElo "1499"]
[BlackElo "1970"]
[Result "0-1"]
[Round "1"]
1.e4 c5
2.Ng1f3 e6
3.d4 cxd4
4.Nf3xd4 Ng8f6
5.Nb1c3 d6
6.Bf1e2 Nb8c6
7.Bc1e3 Bf8e7
 { time }
0-1

[Event "1/16 Finale"]
[Site "www.chess-mail.com"]
[Date "2016.02.15"]
[Round "1"]
[White "Pgcbies"]
[Black "Nimzo"]
[WhiteElo "2660"]
[BlackElo "2830"]
[Result "1/2-1/2"]
[Round "1"]
1.e4 e6
2.d4 d5
3.Nb1c3 Ng8f6
4.Bc1g5 dxe4
5.Nc3xe4 Bf8e7
6.Bg5xf6 gxf6
7.Ng1f3 f5
8.Ne4g3 c5
9.Bf1b5 Bc8d7
10.Bb5xd7 Qd8xd7
11.d5 exd5
12.O-O Nb8c6
13.Rf1e1 O-O-O
14.Nf3e5 Nc6xe5
15.Re1xe5 f4
16.Ng3h5 d4
17.Qd1d3 Kb8
18.Qd3f5 f6
19.Re5e6 f3
20.Ra1e1 fxg2
21.Nh5g3 Be7d6
22.Ng3e4 Qd7c7
23.Ne4xd6 Rd8xd6
24.Re6xf6 { draw }
1/2-1/2

[Event "1/32 Finale"]
[Site "www.chess-mail.com"]
[Date "2016.02.15"]
[Round "1"]
[White "Attatroll"]
[Black "Genius7"]
[WhiteElo "1990"]
[BlackElo "2130"]
[Result "1-0"]
[Round "1"]
1.e4 c6
2.Ng1f3 d5
3.exd5 cxd5
4.Nf3e5 Ng8f6
5.Bf1b5 Bc8d7
6.Qd1e2 e6
7.O-O a6
8.Bb5a4 Bd7xa4
9.b3 Ba4c6
10.Bc1b2 Bf8d6
11.d4 Bd6xe5
12.dxe5 Nf6d7
13.Nb1c3 O-O
14.f4 Qd8c7
15.Ra1d1 b5
16.Kh1 Nd7c5
17.b4 Nc5b7
18.Qe2g4 Nb8d7
19.Nc3e2 Nd7b6
20.f5 exf5
21.Qg4xf5  { time }
1-0

[Event "1/64 Finale"]
[Site "www.chess-mail.com"]
[Date "2016.02.15"]
[Round "1"]
[White "Szustan"]
[Black "Mitja"]
[WhiteElo "2690"]
[BlackElo "1820"]
[Result "1-0"]
[Round "1"]
1.e4 d5
2.exd5 Qd8xd5
3.Nb1c3 Qd5d8
4.d4 c6
5.Ng1f3 e6
6.Bf1e2 h6
7.O-O Ng8f6
8.Bc1f4 Nb8d7
9.a3 Nd7b6
10.Be2d3 Nf6d5
11.Nc3xd5 Nb6xd5
12.Bf4d2 Bf8e7
13.c3 b6
14.Nf3e5 Bc8b7
15.Qd1h5 Rh8f8
16.Ne5xf7 Rf8xf7
17.Bd3g6 Nd5f6
18.Bg6xf7 Kd7
19.Qh5g6 Qd8f8
20.Rf1e1 c5
21.Bf7xe6 Kd8
22.dxc5 Be7xc5
23.Bd2f4 { resign }
1-0

[Event "Eq:La Taverne-Los Tercios : "]
[Site "www.chess-mail.com"]
[Date "2016.02.15"]
[Round "1"]
[White "Stevefillion"]
[Black "Emmanuel69"]
[WhiteElo "2350"]
[BlackElo "1930"]
[Result "1-0"]
[Round "1"]
1.c4 c5
2.Nb1c3 Nb8c6
3.g3 d6
4.Bf1g2 Ng8f6
5.Ng1f3 g6
6.O-O Bf8g7
7.d4 cxd4
8.Nf3xd4 Nc6xd4
9.Qd1xd4 O-O
10.Qd4d3 a6
11.Bc1d2 Qd8c7
12.Ra1c1 Rf8e8
13.b4 Bc8f5
14.e4 Bf5e6
15.Nc3d5 Qc7d8
16.Rc1c2 Ra8c8
17.Rf1c1 Be6xd5
18.cxd5 Qd8d7
19.a4 Rc8xc2
20.Qd3xc2 Re8b8
21.Bd2e3 h6
22.Be3b6 Nf6e8
23.h4 Kf8
24.Kh2 f6
25.Bg2h3 f5
26.exf5 e6
27.fxg6 Qd7e7
28.Bh3xe6 Rb8a8
29.Qc2d2 Qe7f6
30.Rc1c4 Ke7
31.Qd2e3 Qf6xg6
32.Be6f5 { resign }
1-0

[Event "Fast Game"]
[Site "www.echecsemail.com"]
[Date "2016.02.15"]
[Round "1"]
[White "Elogic"]
[Black "Maredocla"]
[WhiteElo "1609"]
[BlackElo "1840"]
[Result "0-1"]
[Round "1"]
1.Ng1f3 d5
2.e3 Nb8c6
3.c4 Bc8g4
4.cxd5 Qd8xd5
5.Nb1c3 Qd5d7
6.d4 e6
7.g3 O-O-O
8.Bf1g2 Bf8b4
9.Bc1d2 e5
10.d5 Bb4xc3
11.Bd2xc3 Nc6e7
12.e4 Ng8f6
13.Bc3xe5 Qd7b5
14.Qd1c2 Rd8d7
15.Nf3d4 Qb5b4
16.Kf1 Ne7g6
17.f3 Ng6xe5
18.Ra1d1 Bg4h5
19.Bg2h3 Ne5xf3
20.Bh3xd7 Kxd7
21.a3 Qb4b6
22.Nd4f5 Qb6b5
23.Kg2 Nf3g5
24.Rd1e1 Bh5f3
25.Kf2 Nf6g4
{ resign }
0-1

[Event "Fast Game"]
[Site "www.echecsemail.com"]
[Date "2016.02.15"]
[Round "1"]
[White "Attatroll"]
[Black "Chtoubidou"]
[WhiteElo "1800"]
[BlackElo "1630"]
[Result "1-0"]
[Round "1"]
1.f4 b6
2.Ng1f3 Bc8b7
3.Nb1c3 Ng8f6
4.g3 d6
5.Bf1g2 Nb8d7
6.O-O e6
7.d3 Bf8e7
8.e4 O-O
9.h3 c5
10.Nc3b5 Qd8b8
11.Bc1e3 a6
12.Nb5c3 b5
13.a3 Nf6e8
14.Nf3g5 h6
15.Ng5f3 d5
16.exd5 exd5
17.d4 b4
18.axb4 cxb4
19.Nc3e2 Ne8d6
20.Nf3e5 Nd7f6
21.g4 Nf6e4
22.Bg2xe4 Nd6xe4
23.Ne5d7 Qb8d6
24.Nd7xf8 Ra8xf8
25.Kg2 f5
26.Ne2g3 Qd6e6
27.gxf5 Qe6c6
28.Ng3xe4 dxe4
29.Kg3 Rf8xf5
30.Rf1g1 a5
31.Kh2 { resign }
1-0

[Event "Tourn. n8614"]
[Site "www.chess-mail.com"]
[Date "2016.02.16"]
[Round "1"]
[White "Mrfunk"]
[Black "Elogic"]
[WhiteElo "1989"]
[BlackElo "1830"]
[Result "1-0"]
[Round "1"]
1.e4 c5
2.Ng1f3 Nb8c6
3.Bf1b5 Qd8c7
4.O-O a6
5.Bb5xc6 Qc7xc6
6.Nb1c3 b5
7.d4 c4
8.a4 b4
9.Nf3e5 Qc6e6
10.Nc3d5 Ra8a7
11.Qd1e2 c3
12.Qe2c4 f6
13.Qc4xc8 { resign }
1-0